000 00571nam a2200181Ia 4500
005 20250508160202.0
008 008 250505s9999 xx 000 0 hin d
037 _aBooks to be hide in OPAC
040 _aFEDL
_beng
_cFEDL
041 _ahin
_2hin
084 _a370.954, NCE/O
_qFEDL
100 _aJuneja Swadesh
_9768073
245 0 _aArkitact, civil engineer awam anaya karamchari
260 _aNew Delhi, India
_bNational Council of Educational Research and Training
300 _a16p.
942 _cHB
_h370.954, NCE/O
999 _c1362495
_d1362495